Normal view MARC view
  • Antropología

Entry Materia

Number of records used in: 17

001 - NÚMERO DE CONTROL DEL REGISTRO

  • campo de control: 992

003 - IDENTIFICADOR DE NUMERO DE CONTROL

  • campo de control: MX-MxUPN

005 - FECHA Y HORA DE LA ÚLTIMA TRANSACCIÓN

  • campo de control: 20241029152335.0

008 - DATOS DE LONGITUD FIJA

  • campo de control de longitud fija: 241029nn fnnnnaaba n ana |d

035 ## - NÚMERO DE CONTROL DEL SISTEMA

  • Número de control del sistema: UPN10000000992

040 ## - FUENTE DE LA CATALOGACIÓN

  • Centro catalogador de origen: MX-MxUPN
  • Lengua de catalogación: spa

150 ## - ENCABEZAMIENTO - TEMÁTICO

  • Término de materia o nombre geográfico como elemento inicial: Antropología
  • Subdivisión de materia general: Filosofía

670 ## - FUENTE EN LA QUE SE LOCALIZARON DATOS

  • Cita de la fuente: Autoridades LC, 29 octubre 2024 :
  • Información localizada: (Anthropology - Philosophy)
  • Identificador Uniforme del Recurso: https://lccn.loc.gov/sh2007101154

902 ## - CATALOGADOR

  • Catalogador: MCM/050905

902 ## - CATALOGADOR

  • Catalogador: VíctorGodínez/291024